000 00504nam a2200157Ia 4500
008 230718s9999 xx 000 0 und d
020 _a9780070601420
041 _aeng
082 _a621.395
_bBAL
100 _aBalch M.
_9174009
245 _aComplete Digital Design
_bA Comprehensive Guide To Digital Electronics And Computer System Architecture
260 _bTata Mc Graw-Hill
365 _cRs.
_b450.00
700 _aBalch M.
_9174009
906 _dO:0101318-Aug-2010B:110110027616-Jul-2010
_cETC
_b90
999 _c325517
_d325517